[Event "Chess Attack-serien Eliteserien 2010-2011"]
[Site "Haraldsheim, Oslo"]
[Date "2011.04.01"]
[Round "7"]
[White "Thorstensen, Trond"]
[Black "Ekeberg, Carl Fr."]
[Result "1-0"]
[WhiteElo "2200"]
[BlackElo "2240"]
[PlyCount "123"]
[EventDate "2010.??.??"]

1. d4 Nf6 2. c4 g6 3. Nc3 d5 4. Qb3 dxc4 5. Qxc4 Bg7 6. Nf3 O-O 7. e4 Nfd7 8.
Bf4 Nc6 9. Nd5 Nb6 10. Nxb6 cxb6 11. Rd1 Bg4 12. d5 Bxf3 13. gxf3 Ne5 14. Qb3
Qd6 15. Bg3 g5 16. h4 f5 17. exf5 Rxf5 18. Bg2 h6 19. hxg5 hxg5 20. Kf1 Raf8
21. Bh3 Rxf3 22. Be6+ Qxe6 23. Qxf3 Nxf3 24. dxe6 Nd4 25. Kg2 Nxe6 26. Rhe1 Kf7
27. Rd7 Bxb2 28. Rxb7 Ba3 29. Rxa7 Bc5 30. Kf3 Rd8 31. Kg4 Rd5 32. Re5 Rd3 33.
Kf5 Rf3+ 34. Ke4 Rc3 35. Rd5 Rc2 36. Kd3 Rc1 37. Kd2 Rc4 38. Kd3 Rc1 39. Kd2
Rc4 40. Bd6 Bxf2 41. Bxe7 Kg6 42. Re5 Rc6 43. Ra4 Bg3 44. Ree4 Bf4+ 45. Kd3 Kf7
46. Ba3 Rc7 47. Ra6 Rd7+ 48. Kc4 Bc7 49. Ra8 Bd8 50. Bb4 Nc7 51. Rxd8 b5+ 52.
Kb3 Rxd8 53. Re7+ Kf6 54. Rxc7 Rd3+ 55. Bc3+ Ke6 56. Kb4 Rd5 57. Be1 Re5 58.
Bc3 Rd5 59. Rc5 Rxc5 60. Kxc5 Kd7 61. Kb6 Kc8 62. Be5 
1-0

[Event "Chess Attack-serien Eliteserien 2010-2011"]
[Site "Haraldsheim, Oslo"]
[Date "2011.04.01"]
[Round "7"]
[White "Hagen, Anders G"]
[Black "Borchgrevink, Harald B"]
[Result "1/2-1/2"]
[WhiteElo "2063"]
[BlackElo "2235"]
[PlyCount "38"]
[EventDate "2010.??.??"]

1. d4 Nf6 2. c4 e6 3. Nf3 b6 4. g3 Ba6 5. Qc2 Bb4+ 6. Nbd2 O-O 7. Bg2 d5 8. O-O
c5 9. dxc5 bxc5 10. e4 Bxd2 11. Nxd2 Nc6 12. Re1 Qa5 13. Qc3 Qxc3 14. bxc3 dxc4
15. Ba3 Ne5 16. Bxc5 Rfd8 17. Be3 Nfg4 18. Nf1 Nxe3 19. Nxe3 Rab8 
1/2-1/2

[Event "Chess Attack-serien Eliteserien 2010-2011"]
[Site "Haraldsheim, Oslo"]
[Date "2011.04.01"]
[Round "7"]
[White "Haugli, Petter"]
[Black "Stigar, Petter"]
[Result "1/2-1/2"]
[WhiteElo "2240"]
[BlackElo "2325"]
[PlyCount "70"]
[EventDate "2010.??.??"]

1. d4 Nf6 2. c4 e6 3. Nc3 Bb4 4. Qc2 c5 5. dxc5 O-O 6. Nf3 Na6 7. g3 Nxc5 8.
Bg2 Nce4 9. O-O Nxc3 10. bxc3 Be7 11. e4 d6 12. e5 dxe5 13. Nxe5 Qc7 14. Qe2
Bd6 15. Bf4 Ne8 16. c5 Qxc5 17. c4 Bxe5 18. Bxe5 f6 19. Bf4 e5 20. Be3 Qe7 21.
Rab1 Nd6 22. Bc5 Qc7 23. Bd5+ Kh8 24. Qe3 Rd8 25. Rfe1 Bf5 26. Bxd6 Qxd6 27.
Rxb7 Be6 28. Bxe6 Qxe6 29. f4 Qc6 30. Re7 Qd6 31. Rf7 Qe6 32. Rb7 Qc6 33. Re7
Qd6 34. Rf7 Qe6 35. Rc7 e4 
1/2-1/2

[Event "Chess Attack-serien Eliteserien 2010-2011"]
[Site "Haraldsheim, Oslo"]
[Date "2011.04.01"]
[Round "7"]
[White "Gabrielsen, Stig"]
[Black "Solberg, Joachim"]
[Result "1-0"]
[WhiteElo "2271"]
[BlackElo "2157"]
[PlyCount "91"]
[EventDate "2010.??.??"]

1. e4 e5 2. Nf3 Nc6 3. Bb5 a6 4. Ba4 Nf6 5. O-O Be7 6. Re1 b5 7. Bb3 O-O 8. d3
d6 9. a4 Bg4 10. c3 Na5 11. Bc2 c5 12. h3 Bh5 13. Nbd2 Re8 14. Nf1 Qc7 15. Ng3
Bg6 16. Nh4 d5 17. Qf3 dxe4 18. dxe4 c4 19. Nhf5 Bf8 20. h4 h5 21. Ne3 Rad8 22.
axb5 axb5 23. Ngf5 Nb3 24. Bxb3 cxb3 25. Ra6 Re6 26. Ra1 Qc6 27. Nf1 Ng4 28.
N1e3 Nxe3 29. Bxe3 Ra8 30. Bg5 Ra2 31. Rab1 Bxf5 32. Qxf5 g6 33. Qf3 Be7 34.
Red1 Bxg5 35. hxg5 Rd6 36. Rd5 Rxd5 37. exd5 Qd6 38. Qd1 Ra4 39. Qxb3 Rc4 40.
Rd1 Rg4 41. Qxb5 e4 42. Qe8+ Kg7 43. Qc6 Qb8 44. Qf6+ Kg8 45. d6 e3 46. d7 
1-0

[Event "Chess Attack-serien Eliteserien 2010-2011"]
[Site "Haraldsheim, Oslo"]
[Date "2011.04.01"]
[Round "7"]
[White "Nilsen, Joachim B."]
[Black "Johansen, Stian"]
[Result "1-0"]
[WhiteElo "2194"]
[BlackElo "1929"]
[PlyCount "61"]
[EventDate "2010.??.??"]

1. d4 Nf6 2. c4 g6 3. Nc3 Bg7 4. e4 d6 5. Be2 O-O 6. g4 e5 7. d5 a5 8. g5 Ne8
9. h4 f5 10. h5 f4 11. Bg4 Na6 12. Bxc8 Rxc8 13. Qg4 Nc5 14. Nf3 Qd7 15. Qh4
Kf7 16. Ke2 c6 17. b3 cxd5 18. Nxd5 Nxe4 19. Bb2 Qf5 20. Rad1 b5 21. Qh3 bxc4
22. Nb6 Ng3+ 23. fxg3 Qe4+ 24. Kd2 Qe3+ 25. Kc2 cxb3+ 26. Kb1 Rb8 27. hxg6+
hxg6 28. Nd5 Qe4+ 29. Ka1 Rb7 30. Qc8 Ra7 31. Qb8 
1-0

[Event "Chess Attack-serien Eliteserien 2010-2011"]
[Site "Haraldsheim, Oslo"]
[Date "2011.04.01"]
[Round "7"]
[White "Berg-Jensen, Joachim"]
[Black "Gulbrandsen, Tor"]
[Result "0-1"]
[WhiteElo "2082"]
[BlackElo "1937"]
[PlyCount "56"]
[EventDate "2010.??.??"]

1. d4 Nf6 2. c4 e6 3. Nc3 d5 4. Nf3 c5 5. cxd5 Nxd5 6. e4 Nxc3 7. bxc3 Be7 8.
Bd3 O-O 9. O-O cxd4 10. cxd4 Nc6 11. Be3 Bf6 12. e5 Be7 13. Be4 Nb4 14. Nd2 Nd5
15. Qc2 h6 16. Qd3 b6 17. f4 a5 18. Rf3 Ba6 19. Qb3 a4 20. Qb2 Rb8 21. Bxd5
Qxd5 22. f5 exf5 23. Rxf5 Rfc8 24. a3 Bd3 25. Raf1 Rc2 26. Qa1 Bxf5 27. Rxf5
Rbc8 28. Nf3 Qe4 
0-1

[Event "Chess Attack-serien Eliteserien 2010-2011"]
[Site "Haraldsheim, Oslo"]
[Date "2011.04.01"]
[Round "7"]
[White "Christenson, Flemming"]
[Black "Lie, Kjetil A."]
[Result "0-1"]
[WhiteElo "2269"]
[BlackElo "2515"]
[PlyCount "64"]
[EventDate "2010.??.??"]

1. d4 Nf6 2. e3 g6 3. Bd3 Bg7 4. f4 d6 5. Nf3 c5 6. c3 Nc6 7. O-O O-O 8. dxc5
dxc5 9. Qe2 e5 10. e4 Re8 11. Nxe5 Nxe5 12. fxe5 Ng4 13. Bf4 Nxe5 14. Bxe5 Bxe5
15. Nd2 Qc7 16. Nf3 Bg4 17. h3 Be6 18. Bc4 Re7 19. Rad1 Rae8 20. Nxe5 Qxe5 21.
Rfe1 Kg7 22. Bb5 Rb8 23. Bc4 Rbe8 24. Bb5 Rc8 25. Bc4 Rc6 26. Bd5 Rd6 27. Qf2
Bxd5 28. Qxc5 b6 29. Qb4 Qg3 30. Qd4+ Kg8 31. Qe3 Qxe3+ 32. Rxe3 Rdd7 
0-1

[Event "Chess Attack-serien Eliteserien 2010-2011"]
[Site "Haraldsheim, Oslo"]
[Date "2011.04.01"]
[Round "7"]
[White "Lie, Espen"]
[Black "Tjomsland, Stig"]
[Result "0-1"]
[WhiteElo "2441"]
[BlackElo "2325"]
[PlyCount "80"]
[EventDate "2010.??.??"]

1. c4 e5 2. g3 Nf6 3. Bg2 d5 4. cxd5 Nxd5 5. Nf3 Nc6 6. Nc3 Nb6 7. O-O Be7 8.
d3 O-O 9. Be3 Be6 10. Rc1 f5 11. Na4 Bd5 12. a3 Bf6 13. b4 Nd4 14. Bxd4 exd4
15. Nc5 Qe7 16. Re1 Rfe8 17. Qd2 c6 18. Qf4 g6 19. e4 dxe3 20. Rxe3 Qf7 21.
Rce1 Rxe3 22. Qxe3 Bxf3 23. Bxf3 Rd8 24. Qe6 Qxe6 25. Rxe6 Kf7 26. Re2 Rb8 27.
Rc2 Be7 28. d4 Bf6 29. Rd2 Nc4 30. Rd3 Ke7 31. d5 b6 32. dxc6 bxc5 33. Rd7+ Ke8
34. c7 Rc8 35. Bc6 Nb6 36. Rxh7+ Kf8 37. Bb7 cxb4 38. axb4 Re8 39. Kg2 Kg8 40.
Bc6 Rc8 
0-1

[Event "Chess Attack-serien Eliteserien 2010-2011"]
[Site "Haraldsheim, Oslo"]
[Date "2011.04.01"]
[Round "7"]
[White "Thanke, Bror"]
[Black "Østmoe, Geir Sune Tallaksen"]
[Result "0-1"]
[WhiteElo "2076"]
[BlackElo "2402"]
[PlyCount "20"]
[EventDate "2010.??.??"]

1. e4 e5 2. Nf3 Nc6 3. Bc4 Nf6 4. d3 Be7 5. Nc3 d6 6. h3 Na5 7. O-O Nxc4 8.
dxc4 c6 9. c5 h6 10. b3 Qc7 
0-1

[Event "Chess Attack-serien Eliteserien 2010-2011"]
[Site "Haraldsheim, Oslo"]
[Date "2011.04.01"]
[Round "7"]
[White "Gyldenås, Ole Jørn"]
[Black "Hobber, Anders"]
[Result "0-1"]
[WhiteElo "1922"]
[BlackElo "2093"]
[PlyCount "66"]
[EventDate "2010.??.??"]

1. d4 Nf6 2. c4 e6 3. Nc3 Bb4 4. e3 d5 5. Bd3 O-O 6. Nge2 c5 7. O-O dxc4 8.
Bxc4 Nc6 9. a3 Bxc3 10. bxc3 Qc7 11. Ng3 Rd8 12. Qc2 b6 13. Bd3 Bb7 14. Ne4
Nxe4 15. Bxe4 h6 16. Rd1 Rac8 17. Qe2 Na5 18. Bxb7 Qxb7 19. Bd2 e5 20. Be1 c4
21. dxe5 Qe4 22. f4 Rd3 23. Rxd3 cxd3 24. Qf3 Qa4 25. Qd5 Nb3 26. Rb1 Nc5 27.
Qa2 Rd8 28. Bd2 Qc2 29. Qb2 Ne4 30. Be1 Qxb2 31. Rxb2 d2 32. Bxd2 Rxd2 33. Rxd2
Nxd2 
0-1

[Event "Chess Attack-serien Eliteserien 2010-2011"]
[Site "Haraldsheim, Oslo"]
[Date "2011.04.01"]
[Round "7"]
[White "Stenersen, Gudmund"]
[Black "Elseth, Roar"]
[Result "0-1"]
[WhiteElo "2195"]
[BlackElo "2265"]
[PlyCount "78"]
[EventDate "2010.??.??"]

1. e4 e5 2. Nf3 Nc6 3. Bb5 a6 4. Ba4 Nf6 5. d3 d6 6. c4 Be7 7. Nc3 O-O 8. Be3
Bg4 9. h3 Bxf3 10. Qxf3 Nd4 11. Qd1 c6 12. O-O b5 13. cxb5 axb5 14. Bb3 Nxb3
15. Qxb3 Rb8 16. f4 Nh5 17. fxe5 dxe5 18. Rf3 Bg5 19. Bc5 Be7 20. Be3 Bg5 21.
Bc5 Be7 22. Qb4 Bxc5+ 23. Qxc5 Nf4 24. Qxe5 Nxd3 25. Qh5 Nxb2 26. Raf1 Qc7 27.
e5 g6 28. Qh6 Qxe5 29. Re3 Qd4 30. Ne4 f5 31. Nf2 Rbe8 32. Rfe1 Rxe3 33. Rxe3
Qg7 34. Qh4 Qf6 35. Qb4 Nc4 36. Re7 Nd6 37. Qb3+ Nc4 38. Qb4 Qd4 39. Rc7 Qa1+
0-1

[Event "Chess Attack-serien Eliteserien 2010-2011"]
[Site "Haraldsheim, Oslo"]
[Date "2011.04.01"]
[Round "7"]
[White "Persson, Mats"]
[Black "Johansen, Terje"]
[Result "1/2-1/2"]
[WhiteElo "2185"]
[BlackElo "2193"]
[PlyCount "81"]
[EventDate "2010.??.??"]

1. e4 c6 2. d4 d5 3. Nc3 dxe4 4. Nxe4 Bf5 5. Ng3 Bg6 6. h4 h6 7. Nh3 e6 8. Nf4
Bh7 9. c3 Nf6 10. Bc4 Nd5 11. Qf3 Nd7 12. Bd2 N7b6 13. Bb3 Nxf4 14. Bxf4 Nd5
15. Bd2 a5 16. O-O-O a4 17. Bc2 Bxc2 18. Kxc2 Nb6 19. Nf1 Be7 20. h5 Nc4 21.
Ne3 Nxd2 22. Rxd2 Qc7 23. Qg4 Bf6 24. f4 a3 25. b3 c5 26. d5 Qa5 27. Rd3 b5 28.
c4 Ra6 29. cxb5 Qxb5 30. dxe6 Rxe6 31. Nd5 Qc6 32. Nxf6+ gxf6 33. Rhd1 Ke7 34.
R1d2 Re8 35. f5 Re5 36. Qg7 Qe4 37. Kc1 Qxf5 38. Rd7+ Qxd7 39. Rxd7+ Kxd7 40.
Qxf6 Re2 41. Qxf7+ 
1/2-1/2

[Event "Chess Attack-serien Eliteserien 2010-2011"]
[Site "Haraldsheim, Oslo"]
[Date "2011.04.01"]
[Round "7"]
[White "Leer-Salvesen, Bjarte"]
[Black "Kovachev, Daniel Jakobsen"]
[Result "1/2-1/2"]
[WhiteElo "2330"]
[BlackElo "2319"]
[PlyCount "49"]
[EventDate "2010.??.??"]

1. c4 Nf6 2. g3 e6 3. Nf3 d5 4. Bg2 Be7 5. O-O O-O 6. d4 dxc4 7. Qc2 a6 8. Qxc4
b5 9. Qc2 Bb7 10. Bg5 Nbd7 11. Bxf6 Nxf6 12. Nbd2 Rc8 13. Nb3 c5 14. dxc5 Be4
15. Qc1 Qc7 16. Rd1 Bxc5 17. Nxc5 Qxc5 18. Qxc5 Rxc5 19. Rac1 Rxc1 20. Rxc1 Rd8
21. Ne5 Bxg2 22. Kxg2 Ne8 23. Nd3 Kf8 24. b4 Ke7 25. Rc6 
1/2-1/2

[Event "Chess Attack-serien Eliteserien 2010-2011"]
[Site "Haraldsheim, Oslo"]
[Date "2011.04.01"]
[Round "7"]
[White "Kjølberg, Jens Hjorth"]
[Black "Langmyhr, Tore"]
[Result "1-0"]
[WhiteElo "1845"]
[BlackElo "1836"]
[PlyCount "101"]
[EventDate "2010.??.??"]

1. e4 d5 2. exd5 Nf6 3. Bb5+ Bd7 4. Be2 Nxd5 5. d4 Bf5 6. Nf3 e6 7. O-O Be7 8.
a3 O-O 9. c4 Nb6 10. h3 Nc6 11. Be3 Bf6 12. b4 a6 13. Nc3 Qd7 14. Ra2 Rfd8 15.
Rd2 Qe8 16. Qb3 h6 17. Rfd1 Ne7 18. Bf4 Rdc8 19. a4 g5 20. Bh2 Bh7 21. Ne5 Bg7
22. Bf3 c6 23. a5 Nd7 24. Nxd7 Qxd7 25. Na4 Kh8 26. Nb6 Qe8 27. Nxa8 Rxa8 28.
Be5 f6 29. Bc7 Rc8 30. Bb6 Qg6 31. d5 cxd5 32. cxd5 exd5 33. Bxd5 Nxd5 34. Rxd5
Bg8 35. Rd8 Rxd8 36. Rxd8 Qh7 37. Qf7 f5 38. Qxb7 f4 39. Bd4 Qb1+ 40. Kh2 Bxd4
41. Rxd4 Qb2 42. Qb6 Kg7 43. Qd6 Qe2 44. Qd7+ Bf7 45. Rd2 Qe1 46. Qd4+ Kg6 47.
Rc2 Be6 48. Rc7 f3 49. Qd3+ Kh5 50. g4+ Kh4 51. Qxf3 
1-0

[Event "Chess Attack-serien Eliteserien 2010-2011"]
[Site "Haraldsheim, Oslo"]
[Date "2011.04.01"]
[Round "7"]
[White "Kolås, Tore"]
[Black "Bae, Torstein"]
[Result "0-1"]
[WhiteElo "2130"]
[BlackElo "2393"]
[PlyCount "78"]
[EventDate "2010.??.??"]

1. e4 e5 2. Nf3 Nc6 3. Bb5 Nf6 4. O-O Nxe4 5. d4 Nd6 6. Bxc6 dxc6 7. dxe5 Ne4
8. Qe2 Bf5 9. Rd1 Qc8 10. Nd4 Bc5 11. c3 Bxd4 12. cxd4 Qe6 13. Nc3 Nxc3 14.
bxc3 O-O-O 15. Be3 h5 16. Rd2 f6 17. Re1 g5 18. c4 h4 19. exf6 Qxf6 20. d5 Rhg8
21. dxc6 Qxc6 22. Rxd8+ Rxd8 23. Bxg5 Rg8 24. Qe5 Qg6 25. f4 h3 26. Qe3 Kb8 27.
gxh3 b6 28. c5 Bc8 29. cxb6 axb6 30. a4 Bb7 31. Qe6 Qh7 32. a5 bxa5 33. Ra1 Rc8
34. h4 Qd3 35. Ra2 a4 36. f5 a3 37. f6 Bd5 38. Qe2 Qb1+ 39. Kf2 Bxa2 
0-1

[Event "Chess Attack-serien Eliteserien 2010-2011"]
[Site "Haraldsheim, Oslo"]
[Date "2011.04.01"]
[Round "7"]
[White "Bjerke, Silje"]
[Black "Ulrichsen, Jarl H"]
[Result "1-0"]
[WhiteElo "2187"]
[BlackElo "2121"]
[PlyCount "115"]
[EventDate "2010.??.??"]

1. e4 e5 2. Nf3 Nc6 3. Bc4 Be7 4. d4 exd4 5. Nxd4 d6 6. O-O Nf6 7. Nc3 O-O 8.
Nxc6 bxc6 9. Bd3 a5 10. Bf4 Ng4 11. h3 Ne5 12. Bxe5 dxe5 13. Bc4 Bd6 14. Qf3 g6
15. Nd1 Kg7 16. Ne3 Qg5 17. Rad1 h5 18. Rd3 Qf4 19. Nd1 Qxf3 20. Rxf3 f5 21.
Nc3 f4 22. h4 Rf6 23. Rd3 Bg4 24. Na4 Raf8 25. f3 Bc8 26. Rfd1 Kh6 27. Rc3 g5
28. hxg5+ Kxg5 29. Bf1 h4 30. Nc5 Rh8 31. Kf2 Rg6 32. Nd3 h3 33. gxh3 Bxh3 34.
Bxh3 Rxh3 35. Rg1+ Kh6 36. Rxg6+ Kxg6 37. Rxc6 Kg5 38. Ne1 Rh2+ 39. Ng2 Rh1 40.
b3 Rc1 41. Ne1 Rd1 42. Ke2 Ra1 43. a4 Kh4 44. Ra6 Kg3 45. Ra8 Rxe1+ 46. Kxe1
Kxf3 47. c3 Kxe4 48. Rxa5 f3 49. Rb5 Kd3 50. Kf2 e4 51. Rd5+ Kxc3 52. a5 Be7
53. a6 c6 54. a7 cxd5 55. a8=Q Bc5+ 56. Ke1 Kd4 57. Qa1+ Ke3 58. Qc3+ 
1-0

[Event "Chess Attack-serien Eliteserien 2010-2011"]
[Site "Haraldsheim, Oslo"]
[Date "2011.04.01"]
[Round "7"]
[White "Larsen, Martin Halsvik"]
[Black "Guttulsrud, Odd Martin"]
[Result "0-1"]
[WhiteElo "1815"]
[BlackElo "2115"]
[PlyCount "82"]
[EventDate "2010.??.??"]

1. e4 c5 2. Nf3 d6 3. d4 cxd4 4. Nxd4 Nf6 5. Nc3 a6 6. Bg5 Nbd7 7. f4 Qc7 8. f5
g6 9. Qd2 h6 10. Bf4 Ne5 11. Bxe5 dxe5 12. fxg6 exd4 13. gxf7+ Kxf7 14. Qxd4
Be6 15. O-O-O Bg7 16. Bd3 Rhd8 17. Qe3 Qe5 18. Rhf1 Kg8 19. Qb6 Rab8 20. Rf5
Bxf5 21. Bc4+ Kh7 22. Rxd8 Rxd8 23. Qxd8 Be6 24. Bd3 Bf7 25. a4 Bg6 26. Bc4 h5
27. Qb6 Nxe4 28. Bd3 Qf4+ 29. Kb1 Nxc3+ 30. bxc3 Bxd3 31. cxd3 Qf1+ 32. Kc2
Qxg2+ 33. Kb3 Qd5+ 34. Kc2 Qa2+ 35. Kd1 Qxa4+ 36. Ke2 Qc2+ 37. Ke3 Qc1+ 38. Ke2
Qc2+ 39. Ke3 Bh6+ 40. Ke4 Qe2+ 41. Kd4 Qf2+ 
0-1

[Event "Chess Attack-serien Eliteserien 2010-2011"]
[Site "Haraldsheim, Oslo"]
[Date "2011.04.02"]
[Round "8"]
[White "Djurhuus, Rune"]
[Black "Elsness, Frode"]
[Result "1/2-1/2"]
[WhiteElo "2433"]
[BlackElo "2488"]
[PlyCount "72"]
[EventDate "2010.??.??"]

1. Nf3 Nf6 2. c4 e6 3. d4 d5 4. e3 b6 5. Bd3 Bb7 6. O-O Nbd7 7. Nc3 Bd6 8. cxd5
exd5 9. Qc2 O-O 10. Nb5 Qe7 11. Nxd6 Qxd6 12. b3 Rac8 13. a4 c5 14. Ba3 Rfe8
15. Rac1 Ne4 16. Qe2 Ndf6 17. Ne5 Qe6 18. Bb2 Rc7 19. Rc2 Rec8 20. Rfc1 Nd7 21.
Nxd7 Qxd7 22. h3 cxd4 23. Rxc7 Rxc7 24. Rxc7 Qxc7 25. Bxd4 Qc1+ 26. Kh2 Qc7+
27. g3 Qd7 28. Qh5 h6 29. Kg2 Bc8 30. g4 Ng5 31. f4 Ne4 32. Qh4 f5 33. Bxe4
dxe4 34. g5 Qe7 35. Qh5 Qf7 36. Qxf7+ Kxf7 
1/2-1/2

[Event "Chess Attack-serien Eliteserien 2010-2011"]
[Site "Haraldsheim, Oslo"]
[Date "2011.04.02"]
[Round "8"]
[White "Skrondal, Inge Sandstad"]
[Black "Haugli, Petter"]
[Result "0-1"]
[WhiteElo "2252"]
[BlackElo "2240"]
[PlyCount "80"]
[EventDate "2010.??.??"]

1. d4 Nf6 2. c4 c5 3. d5 b5 4. cxb5 a6 5. f3 axb5 6. e4 Qa5+ 7. Bd2 b4 8. Na3
e6 9. Nc4 Qc7 10. Bg5 Bb7 11. Nh3 exd5 12. exd5 Nxd5 13. Bd3 Nc6 14. O-O Be7
15. Be4 Nd4 16. Re1 f6 17. Bh4 Kf7 18. f4 g6 19. f5 Rae8 20. Bg3 d6 21. Qg4
Rhg8 22. Rad1 Bf8 23. Qh4 Rg7 24. Nf2 Nxf5 25. Bxf5 Rxe1+ 26. Rxe1 gxf5 27.
Qh5+ Kg8 28. Nxd6 Rxg3 29. hxg3 Qxd6 30. Qxf5 Ne7 31. Qg4+ Ng6 32. Re8 Qc6 33.
Qe4 Qxe4 34. Nxe4 Kf7 35. Nxf6 Kxf6 36. a3 bxa3 37. bxa3 c4 38. Rb8 Bc5+ 39.
Kh2 c3 40. Rxb7 c2 
0-1

[Event "Chess Attack-serien Eliteserien 2010-2011"]
[Site "Haraldsheim, Oslo"]
[Date "2011.04.02"]
[Round "8"]
[White "Solberg, Joachim"]
[Black "Andersen, Alf Roger"]
[Result "1-0"]
[WhiteElo "2157"]
[BlackElo "2229"]
[PlyCount "95"]
[EventDate "2010.??.??"]

1. e4 d6 2. d4 Nf6 3. Nc3 g6 4. f4 Bg7 5. Nf3 c5 6. d5 O-O 7. Bd3 Na6 8. O-O
Nc7 9. Qe1 a6 10. f5 b5 11. Qh4 c4 12. Be2 gxf5 13. Bh6 Nce8 14. a3 Bxh6 15.
Qxh6 Ng4 16. Qh4 f6 17. Nd4 Qb6 18. Rad1 Ng7 19. Qg3 Kh8 20. exf5 Nh6 21. Qe3
Nf7 22. Rf4 Qa7 23. Kh1 Rg8 24. Re1 Ne5 25. Qh3 Nf7 26. Nc6 Qd7 27. Nd4 Ng5 28.
Qe3 Nf7 29. Bf3 Ne5 30. Be4 Qe8 31. Rh4 Qf7 32. Qh3 Ne8 33. Re3 Nc7 34. Ne6 Ra7
35. Ne2 Rg5 36. Nxg5 fxg5 37. Rh5 g4 38. Qh4 Ne8 39. Nf4 Nf6 40. Rg5 Bd7 41.
Ng6+ Nxg6 42. fxg6 Qe8 43. gxh7 Qf7 44. Re1 Ra8 45. Rf1 Rf8 46. Kg1 Qe8 47. Qh6
Rf7 48. Rxf6 
1-0

[Event "Chess Attack-serien Eliteserien 2010-2011"]
[Site "Haraldsheim, Oslo"]
[Date "2011.04.02"]
[Round "8"]
[White "Urkedal, Frode Olav Olsen"]
[Black "Østenstad, Berge"]
[Result "1/2-1/2"]
[WhiteElo "2442"]
[BlackElo "2452"]
[PlyCount "110"]
[EventDate "2010.??.??"]

1. d4 d5 2. c4 e6 3. Nc3 Be7 4. Bf4 Nf6 5. e3 O-O 6. Nf3 b6 7. cxd5 Nxd5 8.
Nxd5 exd5 9. Be2 c5 10. O-O Bb7 11. Qd2 Nd7 12. dxc5 bxc5 13. Rac1 a5 14. Rfd1
Nf6 15. Qc2 Qb6 16. Ne5 Qe6 17. Qb3 Ra7 18. Bf3 h6 19. h3 a4 20. Qc2 Rd8 21.
Bh2 Qb6 22. Nd3 Ra5 23. Be5 Rb5 24. Nf4 d4 25. Bxb7 Qxb7 26. exd4 Rxb2 27. Qc4
Qb4 28. Ng6 Re8 29. Nxe7+ Rxe7 30. Bxf6 gxf6 31. dxc5 Qxc4 32. Rxc4 Rc7 33.
Rd8+ Kh7 34. Rxa4 Rxc5 35. Rd7 Rc1+ 36. Kh2 Rxf2 37. Rxf7+ Kg6 38. Rb7 h5 39.
Ra3 Rff1 40. h4 Rh1+ 41. Kg3 Rhd1 42. Raa7 Kf5 43. Rh7 Rc2 44. Rxh5+ Kg6 45.
Rh8 Rdd2 46. Kh3 Rxa2 47. Rg8+ Kf5 48. Rxa2 Rxa2 49. Rg7 Ra3+ 50. g3 Ra1 51. h5
Ke6 52. Kg4 Ra4+ 53. Kh3 Ra1 54. Kh4 Kf5 55. Kh3 Ke6 
1/2-1/2

[Event "Chess Attack-serien Eliteserien 2010-2011"]
[Site "Haraldsheim, Oslo"]
[Date "2011.04.02"]
[Round "8"]
[White "Tisdall, Jonathan"]
[Black "Hansen, Torbjørn R."]
[Result "0-1"]
[WhiteElo "2399"]
[BlackElo "2426"]
[PlyCount "66"]
[EventDate "2010.??.??"]

1. d4 Nf6 2. c4 g6 3. Nc3 Bg7 4. e4 d6 5. Nf3 O-O 6. h3 e5 7. d5 Nh5 8. Be3 Na6
9. g3 f5 10. exf5 gxf5 11. Nxe5 Nxg3 12. fxg3 Bxe5 13. Qf3 Nc5 14. O-O-O Qf6
15. Bf4 Bd7 16. Bxe5 dxe5 17. Be2 a5 18. Qe3 b6 19. Rdf1 a4 20. Bd1 f4 21. Qd2
Bf5 22. Bc2 Bxc2 23. Qxc2 f3 24. Ne4 Qh6+ 25. Kb1 a3 26. Nxc5 bxc5 27. b3 Rae8
28. Re1 f2 29. Ref1 Qe3 30. Qc1 Qf3 31. Rh2 Qd3+ 32. Ka1 Qd4+ 33. Kb1 e4 
0-1

[Event "Chess Attack-serien Eliteserien 2010-2011"]
[Site "Haraldsheim, Oslo"]
[Date "2011.04.02"]
[Round "8"]
[White "Ekeberg, Carl Fr."]
[Black "Bjerke, Silje"]
[Result "1-0"]
[WhiteElo "2240"]
[BlackElo "2187"]
[PlyCount "119"]
[EventDate "2010.??.??"]

1. d4 Nf6 2. c4 g6 3. g3 Bg7 4. Bg2 d5 5. cxd5 Nxd5 6. Nf3 Nb6 7. Nc3 Nc6 8. e3
O-O 9. O-O e5 10. d5 Na5 11. e4 c6 12. Bg5 f6 13. Be3 cxd5 14. Bxb6 Qxb6 15.
Nxd5 Qd8 16. Rc1 Nc6 17. Qb3 Rf7 18. Rfd1 Be6 19. Bf1 Kh8 20. Bb5 Nd4 21. Nxd4
exd4 22. Bc4 f5 23. Nf4 Bxc4 24. Qxc4 Qf6 25. e5 Qe7 26. Re1 Re8 27. Qxd4 Bxe5
28. Qxa7 Qd7 29. Nd3 Bg7 30. Rxe8+ Qxe8 31. Qb6 Rd7 32. Re1 Qb8 33. Nf4 Rd2 34.
Re2 Rd1+ 35. Kg2 Qc8 36. Qb5 Rd8 37. Ne6 Re8 38. Nxg7 Rxe2 39. Qxe2 Kxg7 40.
Qe5+ Kf7 41. Qd5+ Kg7 42. h4 Qc7 43. b4 h6 44. h5 Qc8 45. hxg6 Kxg6 46. a4 h5
47. a5 h4 48. gxh4 Kh5 49. b5 Kxh4 50. Qf3 Kg5 51. Qg3+ Kh5 52. b6 Qc5 53. Qf3+
Kh4 54. Qxb7 Qxa5 55. Qh7+ Kg4 56. Qg6+ Kh4 57. Qg3+ Kh5 58. b7 f4 59. Qxf4
Qd5+ 60. Qf3+ 
1-0

[Event "Chess Attack-serien Eliteserien 2010-2011"]
[Site "Haraldsheim, Oslo"]
[Date "2011.04.02"]
[Round "8"]
[White "Thanke, Bror"]
[Black "Borchgrevink, Harald B"]
[Result "0-1"]
[WhiteElo "2076"]
[BlackElo "2235"]
[PlyCount "70"]
[EventDate "2010.??.??"]

1. e4 c5 2. Nf3 e6 3. c4 Nc6 4. Nc3 a6 5. g3 g6 6. Bg2 Bg7 7. O-O d6 8. d3 Nge7
9. Be3 Nd4 10. Qd2 h6 11. Rfe1 Nec6 12. Ne2 Rb8 13. Rad1 b5 14. b3 b4 15. Qc1
Nxe2+ 16. Rxe2 e5 17. h3 Qe7 18. Rf1 g5 19. Nh2 Be6 20. f4 gxf4 21. gxf4 exf4
22. Bxf4 Kd7 23. Nf3 Rbg8 24. Kh1 Bc3 25. Rg1 Rg6 26. Bf1 Rxg1+ 27. Kxg1 Qf6
28. Bg2 Qg6 29. Kh1 Qh5 30. Qf1 Rg8 31. Ng1 Ne5 32. Bxe5 Bxe5 33. Nf3 Bf4 34.
d4 Rxg2 35. Rxg2 Qxh3+ 
0-1

[Event "Chess Attack-serien Eliteserien 2010-2011"]
[Site "Haraldsheim, Oslo"]
[Date "2011.04.02"]
[Round "8"]
[White "Stokke, Kjetil"]
[Black "Christenson, Flemming"]
[Result "1/2-1/2"]
[WhiteElo "2401"]
[BlackElo "2269"]
[PlyCount "91"]
[EventDate "2010.??.??"]

1. c4 e5 2. g3 f5 3. Nc3 Nf6 4. d4 exd4 5. Qxd4 Nc6 6. Qe3+ Be7 7. Nd5 Nxd5 8.
cxd5 Nb4 9. Qd2 Na6 10. a3 Nc5 11. Qc2 O-O 12. Bg2 a5 13. Be3 d6 14. Nf3 a4 15.
O-O Qe8 16. Nd4 Bf6 17. Rad1 Bxd4 18. Rxd4 b6 19. Rf4 Bd7 20. Bd4 Qh5 21. Bf3
Qg6 22. Rh4 Qg5 23. Qc1 Qe7 24. Qe3 Qf7 25. Qg5 Rae8 26. Rd1 Bb5 27. Rd2 Nb3
28. Rc2 h6 29. Qf4 Nxd4 30. Qxd4 Qe7 31. Qc3 Rc8 32. Rb4 Qd7 33. e3 Kh7 34. Be2
Bxe2 35. Rxe2 Ra8 36. Rc2 Ra7 37. Qd4 Re8 38. Qd3 Re5 39. Rcc4 Ra5 40. Rd4 Qf7
41. Rxa4 Rxa4 42. Rxa4 Rxd5 43. Qb3 Kg6 44. e4 Re5 45. Qd3 Kh7 46. Kg2 
1/2-1/2

[Event "Chess Attack-serien Eliteserien 2010-2011"]
[Site "Haraldsheim, Oslo"]
[Date "2011.04.02"]
[Round "8"]
[White "Tjomsland, Stig"]
[Black "Gullaksen, Eirik"]
[Result "1/2-1/2"]
[WhiteElo "2325"]
[BlackElo "2315"]
[PlyCount "93"]
[EventDate "2010.??.??"]

1. d4 Nf6 2. c4 g6 3. Nc3 Bg7 4. e4 O-O 5. Nf3 d6 6. h3 Na6 7. Bg5 e5 8. d5 Qe8
9. g4 Nd7 10. Rg1 Kh8 11. Qd2 Ndc5 12. Be2 Bd7 13. h4 f5 14. gxf5 gxf5 15. Bh6
Bxh6 16. Qxh6 Qe7 17. h5 Rg8 18. O-O-O Nxe4 19. Nxe4 fxe4 20. Ng5 Raf8 21. Nxe4
Bf5 22. Nc3 Nc5 23. f4 Ne4 24. Nxe4 Bxe4 25. fxe5 Qxe5 26. Qe3 b6 27. Bg4 Bf5
28. Qxe5+ dxe5 29. Be2 Rxg1 30. Rxg1 Rg8 31. Rxg8+ Kxg8 32. Kd2 Kg7 33. b4 h6
34. Ke3 Kf6 35. c5 bxc5 36. bxc5 Bd7 37. Bf3 Bf5 38. Be2 Bd7 39. a3 Ba4 40. Bg4
Bb3 41. Ke4 Bc2+ 42. Ke3 Bb3 43. Bf3 Ba4 44. Be2 Bd7 45. Kf3 Be8 46. Ke3 Bd7
47. Bf3 
1/2-1/2